=LDR 00000nam 2200000 4500 =001 000515 =005 20250710104639 =035 ##$$a 0010-0725000377 =007 ta =008 250710################b##########0#ind## =020 ##$$a 978-623-307-331-8 =082 ##$$a 398.209 598 =084 ##$$a 398.209 598 VEN s =100 #$$a Venter, Vianne =245 1#$$a Senyum Sizwe /$c Vianne Venter =250 ##$$a Cetakan Kedua =260 ##$$a Jakarta Timur :$b Badan Pengembangan dan Pembinaan Bahasa,$c 2024 =300 ##$$a 14 hlm. : $b ilus. ; $c 29 cm =650 #4$$a Cerita Anak Indonesia-Terjemahan =650 #4$$a Literasi-Bahan Bacaan =856 ##$$a TBM As Suhada =990 ##$$a TBM02680268